| 000 | 004260000a22001690004500 | ||
|---|---|---|---|
| 003 | MACL | ||
| 005 | 20151230153737.0 | ||
| 008 | 151230b xxu||||| |||| 00| 0 eng d | ||
| 040 |
_aMACL _cMACL |
||
| 041 | _aEnglish | ||
| 082 | _a221//MOO | ||
| 100 |
_aMoore, George Foot _925118 |
||
| 245 | _aThe Literature of the old Testament | ||
| 260 | _bWilliams and Norgate | ||
| 650 |
_aReligion _925119 |
||
| 942 |
_cBK _k221/MOO _2ddc |
||
| 999 |
_c37096 _d37096 |
||